|
|
|
|
| LEADER |
00000nam2a2200000 4500 |
| 001 |
300768 |
| 005 |
20231102001332.0 |
| 020 |
|
|
|a RU
|b 82-44437ж
|
| 035 |
|
|
|a (RuTPU)RU\TPU\book\325921
|
| 090 |
|
|
|a 300768
|
| 100 |
|
|
|a 20150716g1982 k y0rusy5003 ca
|
| 101 |
0 |
|
|a rus
|
| 102 |
|
|
|a RU
|
| 105 |
|
|
|a a z 001zy
|
| 200 |
0 |
|
|a Вып. 19
|f под ред. А. И. Михайлова, Т. Н. Лаппалайнена
|
| 210 |
|
|
|a Москва
|c Изд-во ВИНИТИ
|d 1982
|
| 215 |
|
|
|a 148 с.
|c ил.
|
| 306 |
|
|
|a Изд. выходит с 1971 г.
|
| 320 |
|
|
|a Библиография в конце статей
|
| 461 |
|
1 |
|0 (RuTPU)RU\TPU\book\244465
|t Семиотика и информатика
|o сборник научных статей
|f Академия наук СССР (АН СССР), Всесоюзный институт научной и технической информации (ВИНИТИ)
|v Вып. 19
|d 1971-1986
|
| 606 |
1 |
|
|a Информатика
|2 stltpush
|3 (RuTPU)RU\TPU\subj\12879
|
| 606 |
1 |
|
|a Семиотика
|x Языкознание
|2 stltpush
|3 (RuTPU)RU\TPU\subj\54576
|9 72712
|
| 610 |
1 |
|
|a лингвистика прикладная
|
| 610 |
1 |
|
|a вычислимость
|
| 610 |
1 |
|
|a индуктивный вывод
|
| 610 |
1 |
|
|a применение
|
| 610 |
1 |
|
|a логические исчисления
|
| 610 |
1 |
|
|a лексемы
|
| 610 |
1 |
|
|a семантика
|
| 686 |
|
|
|a Ч23
|2 rubbk
|
| 686 |
|
|
|a Ш100.1
|2 rubbk
|
| 702 |
|
1 |
|a Михайлов
|b А. И.
|g Александр Иванович
|4 340
|
| 702 |
|
1 |
|a Лаппалайнен
|b Т. Н.
|4 340
|
| 801 |
|
0 |
|a RU
|b RuMRKP
|c 19950704
|g psbo
|
| 801 |
|
1 |
|a RU
|b 63413507
|c 20150716
|
| 801 |
|
2 |
|a RU
|b 63413507
|c 20180618
|g RCR
|
| 942 |
|
|
|c BK
|